<?xml version="1.0" encoding="UTF-8"?>
<record
    xmlns:xsi="http://www.w3.org/2001/XMLSchema-instance"
    xsi:schemaLocation="http://www.loc.gov/MARC21/slim http://www.loc.gov/standards/marcxml/schema/MARC21slim.xsd"
    xmlns="http://www.loc.gov/MARC21/slim">

  <leader>01583naa a2200241 i 4500</leader>
  <controlfield tag="001">666</controlfield>
  <controlfield tag="003">KOSZ 005</controlfield>
  <controlfield tag="005">20171218112803.0</controlfield>
  <controlfield tag="008">160129s2007    pl     f     |100 0 pol</controlfield>
  <datafield tag="040" ind1=" " ind2=" ">
    <subfield code="c">BPK</subfield>
    <subfield code="d">KOSZ 005/EG</subfield>
  </datafield>
  <datafield tag="080" ind1=" " ind2=" ">
    <subfield code="a">001.31</subfield>
  </datafield>
  <datafield tag="100" ind1="1" ind2=" ">
    <subfield code="a">MARCHLEWICZ, Urszula.</subfield>
    <subfield code="b">Politechnika Koszali&#x144;ska - Dzia&#x142; Nauki</subfield>
  </datafield>
  <datafield tag="245" ind1="1" ind2="0">
    <subfield code="a">Wprowadzenie do projektu :</subfield>
    <subfield code="b">propozycja (lepszego) wspierania zatrudnienia absolwent&#xF3;w Geodezji i Kartografii na Wsp&#xF3;lnym Rynku Europejskim - oparta na Modelu Wzajemnego Opartego na Wiedzy Rozwoju Region&#xF3;w opracowanym przez U. Marchlewicz przez rozwini&#x119;cie &#x141;a&#x144;cucha Innowacji Kline'a i Rosenberga jako rozszerzonego modelu Kotlera /</subfield>
    <subfield code="c">Urszula Marchlewicz.</subfield>
  </datafield>
  <datafield tag="500" ind1=" " ind2=" ">
    <subfield code="a">Dane z autopsji.</subfield>
  </datafield>
  <datafield tag="520" ind1=" " ind2=" ">
    <subfield code="a">Przedstawione zosta&#x142;y programy przygotowuj&#x105;ce absolwent&#xF3;w geodezji i kartografii do pracy i wsp&#xF3;&#x142;pracy na Wsp&#xF3;lnym Rynku Europejskim.</subfield>
  </datafield>
  <datafield tag="650" ind1=" " ind2="0">
    <subfield code="a">Wiedza.</subfield>
  </datafield>
  <datafield tag="650" ind1=" " ind2="0">
    <subfield code="a">Absolwenci szk&#xF3;&#x142; wy&#x17C;szych - </subfield>
    <subfield code="x">praca.</subfield>
  </datafield>
  <datafield tag="650" ind1=" " ind2="0">
    <subfield code="a">Jednolity rynek UE.</subfield>
  </datafield>
  <datafield tag="655" ind1=" " ind2="0">
    <subfield code="a">Materia&#x142;y konferencyjne.</subfield>
  </datafield>
  <datafield tag="711" ind1="2" ind2="2">
    <subfield code="a">Mi&#x119;dzynarodowa Konferencja Modu&#x142;u Europejskiego Jean Monnet dla Geodezji i Kartografii</subfield>
    <subfield code="n">(2 ;</subfield>
    <subfield code="d">2007 ;</subfield>
    <subfield code="c">Koszalin, Polska).</subfield>
  </datafield>
  <datafield tag="773" ind1="0" ind2=" ">
    <subfield code="i">W :</subfield>
    <subfield code="t">Wspieranie zatrudnienia absolwent&#xF3;w geodezji i kartografii na wsp&#xF3;lnym rynku europejskim : materia&#x142;y z 2. Mi&#x119;dzynarodowej Konferencji Modu&#x142;u Europejskiego Jean Monnet dla Geodezji i Kartografii, Koszalin, 19 kwietnia 2007 / pod red. Urszuli Marchlewicz. -</subfield>
    <subfield code="d">Koszalin : Wydaw. Uczelniane Politechniki Koszali&#x144;skiej, 2007. -</subfield>
    <subfield code="g">s. 7-14</subfield>
  </datafield>
  <datafield tag="942" ind1=" " ind2=" ">
    <subfield code="c">ROZ</subfield>
    <subfield code="2">UKD</subfield>
  </datafield>
  <datafield tag="999" ind1=" " ind2=" ">
    <subfield code="c">666</subfield>
    <subfield code="d">666</subfield>
  </datafield>
  <datafield tag="952" ind1=" " ind2=" ">
    <subfield code="0">0</subfield>
    <subfield code="1">0</subfield>
    <subfield code="4">0</subfield>
    <subfield code="7">0</subfield>
    <subfield code="a">BPK</subfield>
    <subfield code="b">BPK</subfield>
    <subfield code="o">85014</subfield>
    <subfield code="y">ROZ</subfield>
  </datafield>
</record>
